The Man Who Can't Be Moved - All Lyrics - Statistics

General Stats
  • This quiz has been taken 87 times
  • The average score is 292 of 348
Answer Stats
Answer % Correct
move
100%
a
98%
can
98%
I
98%
I'm
98%
me
98%
the
98%
you
98%
you?
98%
be
96%
no
96%
not
96%
on
96%
so
96%
So
96%
to
96%
where
96%
who
96%
back
94%
corner
94%
first
94%
go
94%
Going
94%
Gonna
94%
gonna
94%
“If
94%
if
94%
If
94%
man
94%
saw
94%
your
94%
Cause
91%
day
91%
day,
91%
her
91%
in
91%
my
91%
one
91%
see
91%
that
91%
up
91%
wake
91%
you're
91%
and
89%
And
89%
heart
89%
this
89%
wonder
89%
am?”
87%
broke
87%
could
87%
sleeping
87%
tell
87%
bag
85%
broken
85%
but
85%
come
85%
do?
85%
find
85%
for
85%
just
85%
love
85%
missing
85%
money
85%
moving
85%
some
85%
Some
85%
waiting
85%
when
85%
with
85%
hand
83%
hearted
83%
How
83%
maybe
83%
Maybe
83%
place
83%
starts
83%
still
83%
street
83%
try
83%
what
83%
can't
81%
else
81%
girl
81%
it
81%
meet
81%
you'll
81%
camp
79%
earth
79%
know
79%
picture
79%
sense
79%
they
79%
understand
79%
don't
77%
Got
77%
makes
77%
here
72%
here”
72%
moved
72%
of
72%
thinking
72%
Thinking
72%
we'd
72%
words
72%
month,
70%
Saying,
70%
year”
70%
is
68%
she
68%
mind,
62%
changes
60%
it's
60%
People
57%
stay
57%
There
57%
will
55%
I'll
53%
said,
51%
news
49%
Policeman
49%
says,
49%
“Son
49%
stand
49%
talk
49%
“There's
49%
about
47%
or
47%
rains
47%
someone
47%
ground
45%
guy
45%
running
45%
snows
45%
get
43%
won't
43%
even
40%
shoes
40%
that's
38%
his
34%
mean
34%
are
32%
big
32%
Gotta
32%
hole
32%
world
32%
our
30%
holes
28%
as
26%
carboard
13%
No matching quizzes found
Score Distribution
Percent of People with Each Score
Percentile by Number Answered
Your Score History
You have not taken this quiz